00401nam a2200121Ia 4500008004100000100002300041245003000064245004300094260000900137856004100146999001900187952007300206160531s9999 xx 000 0 und d aSchwarz, Ulrich S. aPhysics of Adherent Cells cby Ulrich S. Schwarz, Samuel S. Safran c2013 uhttp://arxiv.org/pdf/1309.2817v1.pdf c295036d295036 001040aCLbCLd2016-05-31l0r2016-05-31 00:00:00w2016-05-31yCBE